La magia y el misterio del comercio / (Registro nro. 11229)

Detalles MARC
000 -LIDER
fixed length control field 00843nam a2200301 b 4500
001 - NÚMERO DE CONTROL
Identificador de número de control 0000626
003 - IDENTIFICACDOR DE NÚMERO DE CONTROL
control field DO-SdBNP
005 - DATE AND TIME OF LATEST TRANSACTION
control field 20180131154535.0
007 - CAMPOS FIJOS DE DESCRIPCIÓN FÍSICA
fixed length control field 0000626
008 - ELEMENTOS DE LONGITUD FIJA
fixed length control field 050617 2005 cr spa
017 ## - NÚMERO DE REGISTRO DE DERECHOS DE AUTOR
Copyright or legal deposit number
Assigning agency
020 ## - ISBN
International Standard Book Number 9977473188
035 ## - NÚMERO LOCAL
System control number
040 ## - FUENTE DE CATALOGACIÓN
Agencia que crea de manera original el registro BPMSU
Idioma de catalogación spa
Agencia que realiza la transcripción BPMSU
Convenciones de la despripción
092 ## - LOCALLY ASSIGNED DEWEY DECIMAL CALL NUMBER
Número de clasificación 380.1
Número de ítem (Cutter) S849m
100 1# - ASIENTO PRINCIPAL -- NOMBRE PERSONAL
Nombre personal Stewart Whitehorn, Rigoberto
245 13 - MENCIÓN DE TITULO
Título La magia y el misterio del comercio /
Medio (Designación general de material)
Mención de responsabilidad Rigoberto Stewart Whitehorn
260 ## - PUBLICACIÓN, DISTRIBUCIÓN, ETC. (PIE DE IMPRENTA)
Lugar de publicación, distribución, etc San José, Costa Rica :
Nombre del editor, distribuidor, etc. Instituto para la libertad y el análisis de politicas,
Fecha de publicación, distribución, etc 2005.
300 ## - DESCRIPCIÓN FÍSICA
Extensión 232 p. :
Dimensiones 23 cm
490 1# - MENCIÓN DE SERIES
Mención de serie CELIDE
Volume/sequential designation 1
490 1# - MENCIÓN DE SERIES
Mención de serie INLAP
Volume/sequential designation 3
500 ## - NOTA GENERAL
Nota general Incluye notas a pie de paginas.
830 #0 - ASIENTO SECUNDARIO DE SERIE--TÍTULO UNIFORME
Título uniforme CELIDE
Número de la parte o sección de una obra 1
830 #0 - ASIENTO SECUNDARIO DE SERIE--TÍTULO UNIFORME
Título uniforme INLAP
Número de la parte o sección de una obra 3
942 ## - ADDED ENTRY ELEMENTS (KOHA)
Source of classification or shelving scheme Dewey Decimal Classification
Koha item type Libros
945 ## - INFORMACIÓN DE PROCESAMIENTO LOCAL
Información de procesamiento local Inventariado, 2018 / BT
956 ## - LOCAL ELECTRONIC LOCATION AND ACCESS (OCLC)
Nombre de host YLOCKWARD
Número de acceso 10
Información de compresión BPMSU
Existencias
Withdrawn status Lost status Source of classification or shelving scheme Damaged status Not for loan Collection code Home library Current library Date acquired Source of acquisition Total Checkouts Barcode Date last seen Price effective from Koha item type Copy number
    Dewey Decimal Classification     Colección Juvenil General Biblioteca Pública Metropolitana Salomé Ureña Biblioteca Pública Metropolitana Salomé Ureña 08/30/2016 Sin sellar   BPMSU16080289 08/30/2016 08/30/2016 Libros  
    Dewey Decimal Classification     Colección Juvenil General Biblioteca Pública Metropolitana Salomé Ureña Biblioteca Pública Metropolitana Salomé Ureña 08/30/2016 Sin sellar   BPMSU16080290 08/30/2016 08/30/2016 Libros e. 2